[Event "Aurec Cup"]
[Site "Aurec"]
[Date "2002.06.15"]
[Round "3"]
[White "Poirot, Eric"]
[Black "Grauffel, Mathieu"]
[Result "0-1"]
[WhiteElo "1980"]
[BlackElo "1700"]
[PlyCount "62"]
[EventDate "2002.06.??"]
[EventType "team"]
[EventRounds "5"]
[EventCountry "FRA"]
[SourceTitle "EXT 2004"]
[Source "ChessBase"]
[SourceDate "2003.11.25"]
[SourceVersion "1"]
[SourceVersionDate "2003.11.25"]
[SourceQuality "1"]

1. d4 Nf6 2. c4 e6 3. Nc3 Bb4 4. f3 d5 5. a3 Bxc3+ 6. bxc3 c6 7. Bg5 Nbd7 8. e4 Qa5 9. Qc2 dxe4 10. Bd2 exf3 11. Nxf3 0-0 12. Bd3 Re8 13. Ng5 h6 14. h4 e5 15. 0-0-0 Qxa3+ 16. Kb1 b5 17. c5 b4 18. cxb4 a5 19. b5 Rb8 20. Nxf7 Kxf7 21. Bc3 e4 22. Bc4+ Kf8 23. b6 e3 24. Rdf1 Nxb6 25. cxb6 Rxb6+ 26. Bb2 Ba6 27. Bxa6 Reb8 28. Qc5+ Qxc5 29. dxc5 Rxb2+ 30. Ka1 Kg8 31. Rh3 R2b4 0-1